Topology and measure

محفوظ في:
التفاصيل البيبلوغرافية
المؤلف الرئيسي: Topsoe, Flemming (مؤلف)
التنسيق: كتاب
اللغة:الإنجليزية
منشور في: Berlin, Germany Springer 1970
سلاسل:Lecture Notes in Mathematics, 133
الموضوعات:
الوصول للمادة أونلاين:Disponible Online
الوسوم: إضافة وسم
لا توجد وسوم, كن أول من يضع وسما على هذه التسجيلة!

MARC

LEADER 00000cam a2200000 a 4500
001 UCF9421
003 CL-VaPUC
005 20210705203528.0
008 131115e19700000gw |||||||||||||||||eng|d
999 |c 353867  |d 353865 
020 |a 9783540049227 
040 |c Pontificia Universidad Católica de Valparaíso 
082 0 4 |a 514.3 TOP 1970  |2 21 
100 0 |a Topsoe, Flemming  |e author  |9 571720 
245 1 0 |a Topology and measure 
260 |a Berlin, Germany  |b Springer  |c 1970 
300 |a 79 páginas  
490 0 |a Lecture Notes in Mathematics, 133 
583 |a last modification  |c 20131115 14:49:00  |k Rodrigo Vera 
650 0 |a Topología   |9 260092 
650 0 |a Topología métrica   |2 CL-VaPUC  |9 424255 
650 0 |a Espacios métricos   |9 269874 
650 0 |a Isometría   |2 CL-VaPUC  |9 424256 
856 |u http://bibliografiadigital.pucv.cl.pucv.idm.oclc.org/index.php/bibliotecapucv/catalog/book/559  |y Disponible Online  
942 |c BK  |2 ddc 
945 |d 20131115 14:49:00  |a dcastane 
952 |0 0  |1 0  |3 erb  |4 0  |6 514_300000000000000_TOP_1970  |7 0  |8 A  |9 459297  |a BIBMAT  |b BIBMAT  |i 502806K  |o 514.3 TOP 1970  |p 502806K  |r 2025-01-07  |w 2019-11-23  |y BK  |z Catalogado en:20131115  |k MAT